000
00270 a2200121 4500
001
146473
040
_c
Escola São Tomás de Aquino
100
_a
ZAMBUJAL, Isabel
240
1
0
_a
Tchaikovsky
_l
por
245
1
0
_a
Tchaikovsky
697
_a
*LITERATURA INFANTO
942
_c
BK
999
_c
146473
_d
146473